000 01851nam0a2200409 4500
001 RU\NLR\BIBL_A\016231818
005 20230412151624.0
010 _a978-5-0059-0830-8
021 _aRU
_bКН-П-22-080795
_9КН-П-22-7086
035 _a(NLR Aleph) 016231818
035 _a(RuMoRGB)011375029
090 _a12769521
_c12769521
100 _a20221208d2022 u y0rusy50 ca
101 0 _arus
102 _aRU
105 _ay|||z|||000gy
181 0 _ai
_baxxe
182 0 _an
200 1 _aОксюморон
_e[сборник]
_fНикола Стотан
203 _aТекст
_bвизуальный
_cнепосредственный
210 _a[Б. м.]
_cИздательские решения
_d2022
215 _a151, [1] с.
_d21
300 _aНа 4-й с. обл. авт.: Николай Шильков, канд. пед. наук, доц.
320 _aДр. кн. авт. на 4-й с. обл.
330 _aВ сборнике размещены афоризмы, катрены на тему отношений мужчин и женщин, а также частушки. Никола Стоктон является автором сборников: "Никто", "Переплыть лето", "Рукава галактик" и др.
333 _a18+
675 _a821.161.1-8
_v4
686 2 _aШ6(2=Р)8я44
700 1 _aСтотан
_bН.
_cпсевдоним
_f1957-
_gНикола
_3RU\NLR\AUTH\770252871
856 4 _lVNP_SKP
_tVIEW
_uhttps://webservices.nlr.ru/viewer/file?name=a016231818_002.txt
_yАннотация
856 4 1 _lVNP_SKP
_tVIEW
_uhttps://webservices.nlr.ru/viewer/file?name=t016231818_001.png
_yОбложка
942 _cBOOK
980 4 _aVNP_SKP
980 _aNB